000 00300nam a2200097 a 4500
005 20200930074828.0
008 111124s1993 000 spa d
245 0 _aEvaluación de la calidad de la semilla de frijol rojo en la República Dominicana.
260 _aSanto Domingo,
_c1993.
999 _c35536
_d35536
040 _aDO-SdBNP